Statistics for Video Games by Antonyms

Click here to take the quiz!

General Stats

  • This quiz has been taken 440 times
  • The average score is 7 of 15

Answer Stats

AntonymsAnswer% Correct
Bad Wario SistersSuper Mario Bros.
98%
Waluigi's ShackLuigi's Mansion
79%
Animals vs HumansPlants vs Zombies
65%
Full DeathHalf Life
64%
Immortal PeaceMortal Kombat
64%
Near LaughFar Cry
62%
Truths of HildaLegends of Zelda
56%
Want Against DelayNeed for Speed
45%
Insignificant Gift BicycleGTA
37%
Foreigner GoodResident Evil
36%
Answer of IrresponsibilityCall of Duty
31%
First ActualityFinal Fantasy
25%
SlowSonic
23%
Water MisrepresentationFire Emblem
14%
ChoiceDestiny
9%

Score Distribution

Percentile by Number Answered

Percent of People with Each Score

Your Score History

You have not taken this quiz